| 000 | 00621nam a22002177a 4500 | ||
|---|---|---|---|
| 999 |
_c1449 _d1449 |
||
| 001 | 14172 | ||
| 003 | BD-DhUAP | ||
| 005 | 20200206161357.0 | ||
| 008 | 200206s2009 bg ||||| |||| 00| 0 eng d | ||
| 020 | _a9847027100068 | ||
| 040 |
_aBD-DhUAP _bEng _cBD-DhUAP _dBD-DhUAP |
||
| 082 |
_223 _a345.549205 AHM |
||
| 100 | _aAhmed, Maynuddin. | ||
| 245 |
_aSupreme court cases on criminal procedure / _cMaynuddin Ahmed. |
||
| 250 | _a1st ed. | ||
| 260 |
_aDhaka : _bSurovi book house, _cc2009. |
||
| 300 |
_axvii, 283 pages ; _c25 cm. |
||
| 650 |
_aCriminal procedure _zBangladesh. |
||
| 650 | _aCriminal law. | ||
| 942 |
_2ddc _cBK |
||